00244 a2200109 450000500170000002000180001708200150003510000140005024500130006426000410007730000160011820250629143932.0 a9781800244900 a823.92 HUR aHURLEY, G aEstocada aUnited KingdomsbHead of Zeusc2018. a479p.c19cm